000 00642nam a2200169 a 4500
001 4140
005 20140414131934.0
008 090218s19uu xx 00 eng d
050 _aREF 910
_bCh43 2004
245 _aFamous places.
260 _aAlexandria, Va :
_bTime-Life Books,
_cc1989.
440 _aA Child's first library of learning :
520 _aAnswers questions about such marvels as the Pyramids, Taj Mahal, Grand Canyon, and Stonehenge, describing how they were made and what makes them great. An activities section is included.
650 _aGeography --
_xMiscellanea.
650 _aQuestions and answers.
999 _c112386
_d112386